000 02292nam a22002657a 4500
005 20260424164425.0
008 260418b |||||||| |||| 00| 0 eng d
020 _a9789391211974
040 _cAL
041 _aeng
082 _a346.086
_bMURM
100 _aK S N Murthy
_9262691
245 _aModern law of insurance in India Ed 7
250 _a7
260 _aHaryana
_bLexis Nexis
_c2024
300 _axlii,858p
_bPB
_c24X25.5cm
365 _2Law
_a1343/14-03-2026
_b₹1012.50
_c
_d₹1350.00
_e25%
_f14-03-2026
520 _aK S N Murthy Modern Law of Insurance in India is an authority about insurance and has been a key text for professionals and students of Law for over four and a half decades. It is a thematic treatment to the laws applicable to various kinds of insurance prevalent in India. This book succinctly traces the history and evolution of Insurance Law, thoroughly examining its fundamental principles. The systematic arrangement of the topics makes for easy reading and reference. Many decisions of the English and the Indian Courts on insurance are cited and adequately discussed at appropriate places. The present edition has been comprehensively updated and revised to include all major recent case law and legislative developments since publication of last edition. Key Features: The bare bones of the law of insurance have been fleshed out with lucid and comprehensive commentary on its various aspects Focuses on the advancements in insurance law since the previous edition Contains critical appraisal of judgments of the Indian and foreign Courts that have led to change and development in the legal position The book seeks to crystallize, in general, the concept, scope, origin and development of insurance within the legal frameworks of both India and abroad Includes important decisions of Supreme Court and various High Courts Provides references to the relevant sections of the new Criminal Laws, namely, The Bharatiya Nyaya Sanhita, 2023, The Bharatiya Nagarik Suraksha Sanhita, 2023 and The Bharatiya Sakshya Adhiniyam, 2023
650 _aLife Insurance
_9262163
650 _aFire Insurance
_9262164
650 _aMarine Insurance
_9262165
650 _aLiability Insurance
_9262166
700 _aK V S Sarma
_9262167
942 _2ddc
_cBK
999 _c241298
_d241298